00860nam a2200217 a 450000100100000000500170001000800410002702000150006804000250008304100160010808200150012410000480013924501400018726000730032730000210040049000280042170000310044983000320048095201130051299900170062500004141320201002034852.0131002s1992 sp 000 0 spa d a8400072782 aDO-SdBNPbspacBNPHU17aspab[arab] axxxxbxxxx1 aIbn Rushd, Abû l-WalîdcAverroes96807710aEpítome del libro sobre la generación y la corrupción. /cAbû l-Walîd Ibn Rushd (Averroes); traducción, Josep Piug Montada. aMadrid, :bConsejo Superior de Investigaciones Científicas,c1992. a73, 86 ;c21 cm.1 aPensamiento Islamicov21 aPuig Montada, Josep968078 0aPensamiento Islamico968079 001050718MOaGRbGRcCTd2013-10-02iLF1l0oxxxx xxxxp41413-10r2020-06-25w2020-06-25y1ZNo se presta c40903d40903